| 000 | 00491pab a2200169 454500 | ||
|---|---|---|---|
| 008 | 180718b2000 xxu||||| |||| 00| 0 eng d | ||
| 100 | _aMackay, C.J. | ||
| 245 | _aRent differentials, housing benefit and management of public housing stock in the United Kingdom | ||
| 260 | _c2000 | ||
| 300 | _ap.81-96 | ||
| 362 | _aSpring | ||
| 650 | _aRented housing - Great Britain | ||
| 650 | _aHousing - Great Britain | ||
| 650 | _aHousing | ||
| 773 | _aLocal Government Studies | ||
| 909 | _a45352 | ||
| 999 |
_c45352 _d45352 |
||